| 000 | 00413nam a2200181Ia 4500 | ||
|---|---|---|---|
| 008 | 210210b1958 xxu||||| |||| 00| 0 eng d | ||
| 041 | _aeng | ||
| 082 | _a519/84 | ||
| 100 | _aPEDOE (D) | ||
| 245 | _aGentle art of mathematics | ||
| 260 |
_aLondon _bEnglish Universities, _c1958 |
||
| 650 | _aof | ||
| 650 | _amathematics | ||
| 650 | _aGentle | ||
| 650 | _aart | ||
| 690 | _aMathematics | ||
| 906 | _a007945 | ||
| 999 |
_c140801 _d140801 |
||